000 00713nam a2200277Ia 4500
005 20260324115142.0
008 008 260324s9999 xx 000 0 eng d
020 _a9780429293740
037 _aEBOOK
040 _aCRL
040 _beng
040 _cCRL
041 _2eng
041 _aeng
084 _qCRL
100 _aIsnaeni Murdi Hartanto
_91153558
245 0 _aIntegrating Multiple Sources of Information for Improving Hydrological Modelling: an Ensemble Approach
260 _bTaylor and Francis
260 _c2019
365 _a
365 _b315
856 _uhttp://www.taylorfrancis.com/books/9780429293740
942 _cEBOOK
999 _c1744228
_d1744228